| 000 | 00484nam a2200181Ia 4500 | ||
|---|---|---|---|
| 005 | 20250508150439.0 | ||
| 008 | 008 250505s9999 xx 000 0 eng d | ||
| 037 | _aTextual | ||
| 040 |
_aFEDL _beng _cFEDL |
||
| 041 |
_aeng _2eng |
||
| 084 |
_a428, BUR _qFEDL |
||
| 100 |
_aBurr Malcolm _9756714 |
||
| 245 | 0 | _aQuest and conquest | |
| 260 |
_aLondon, UK _bOxford University Press _c1948 |
||
| 300 | _a180p. | ||
| 942 |
_cTEXL _h428, BUR |
||
| 999 |
_c1323704 _d1323704 |
||